00569nam a22001697a 4500003000400000008004100004082001700045100001800062245003000080250000900110260002300119300000800142650005000150942001200200999001500212952017200227OSt200715b ||||| |||| 00| 0 eng d a615.1901 KAP aKar, Ashutosh aPharmaceutical Analysis-1 a2020 aNew DelhibNew Age a167 aPharmaceutical Analysis and Quality Assurance 2ddccBK c9057d9057 00102ddc40708BPaPIETbPIETd2020-02-17eKirti PrakashanfRupeesg250.00kIN6450l18o615.1901 KAPpBP1487r2025-03-19 00:00:00s2025-03-11v175.00w2020-02-17yBK